| 000 | 01023 a2200265 4500 | ||
|---|---|---|---|
| 999 |
_c1022 _d1022 |
||
| 020 | _a9171065407 (pbk.) | ||
| 050 | 0 | 0 | _aGE300 BEY 2005 |
| 100 | _aGausset, Quentin (editor) | ||
| 245 | 0 | 0 |
_aBeyond territory and scarcity : _bexploring conflicts over natural resource management / _cedited by Quentin Gausset, Michael A. Whyte and Torben Birch-Thomsen. |
| 264 |
_aStockholm _bNordiska Afrikainstitutet _c2005 |
||
| 300 |
_a218 p. : _bill., maps ; |
||
| 500 | _aNatural resources | ||
| 504 | _aIncludes bibliographical references. | ||
| 650 | 0 |
_aNatural resources _xManagement _xPhilosophy. |
|
| 650 | 0 |
_aNatural resources _xManagement. |
|
| 650 | 0 |
_aConservation of natural resources _xSocial aspects |
|
| 650 | 0 | _aSustainable development | |
| 650 | 0 | _aMalthusianism. | |
| 651 | 0 | _aAfrica | |
| 700 | 1 | _aGausset, Quentin. | |
| 700 | 1 | _aWhyte, Michael Anthony. | |
| 700 | 1 | _aBirch-Thomsen, Torben. | |
| 942 |
_2lcc _cBK _h300 _iBEY _kGE |
||